000 00419nam a2200181Ia 4500
003 GCL
040 _aGCL /
_cGCL
082 0 4 _aCH
_b507
_bP T
100 1 _aPIUMINI, ROBERTO
245 1 0 _aAUF DEM LANDE /
_cPIUMINI, ROBERTO
700 1 _aRIZZATTI, LORELLA
260 _a[S.N] :
_bPESTALOZZI- VERLAG ،
_c1991
300 _a40 PP
650 0 4 _aSCIENCE
650 0 4 _aCHILDREN
650 0 4 _aTRAVEL
942 _2ddc
_cBK
999 _c18331
_d18331